Fr. Conceicao Rodrigues College of Engineering

Text BookOf Inorganic Chemistry (Record no. 34710)

MARC details
000 -LEADER
fixed length control field 00339nam a2200157Ia 4500
082 ## - DEWEY DECIMAL CLASSIFICATION NUMBER
Classification number 546
Item number Mit
100 ## - MAIN ENTRY--PERSONAL NAME
Personal name Mitra/L
245 ## - TITLE STATEMENT
Title Text BookOf Inorganic Chemistry
260 ## - PUBLICATION, DISTRIBUTION, ETC.
Name of publisher, distributor, etc. Ghosh & Co
Place of publication, distribution, etc. Calcutta
Date of publication, distribution, etc. 1967
300 ## - PHYSICAL DESCRIPTION
Extent 714
546 ## - LANGUAGE NOTE
Language note ENGLISH
650 ## - SUBJECT ADDED ENTRY--TOPICAL TERM
Topical term or geographic name entry element Chemistry
654 ## - SUBJECT ADDED ENTRY--FACETED TOPICAL TERMS
Focus term Inorganic Chemistry
942 ## - ADDED ENTRY ELEMENTS (KOHA)
Koha item type BOOK
Holdings
Withdrawn status Lost status Damaged status Not for loan Collection Home library Current library Shelving location Date acquired Total Checkouts Full call number Barcode Date last seen Price effective from Koha item type
        AFT Fr. Agnel's C.Rodrigues College of Engineering Fr. Agnel's C.Rodrigues College of Engineering   17/03/2023   546 Mit AFT5596 17/03/2023 17/03/2023 BOOK